Les départements français avec le moins de circonscriptions (législatives) - Statistiques

Statistiques générales
  • Ce quiz a été pris 134 fois
  • Le résultat moyen est 17 sur 22
Statistiques - réponses
Nombre de circonscription(s) Département % Correct
1 Creuse
93%
1 Lozère
90%
2 Corrèze
84%
2 Territoire de Belfort
84%
2 Ariège
83%
2 Cantal
82%
2 Hautes-Alpes
79%
2 Corse-du-Sud
77%
2 Lot
76%
2 Mayotte
76%
2 Haute-Corse
75%
2 Alpes-de-Haute-Provence
74%
2 Guyane
74%
2 Haute-Loire
70%
2 Haute-Saône
70%
2 Meuse
70%
2 Gers
69%
2 Nièvre
68%
2 Tarn-et-Garonne
67%
2 Hautes-Pyrénées
66%
2 Indre
65%
2 Haute-Marne
64%
Aucun quiz correspondant
Distribution des résultats
% des personnes avec chaque résultat
Percentile par nombre de réponses
Votre historique - résultats
Vous n’avez pas pris ce quiz